Cuaderno de comprensión social

محفوظ في:
التفاصيل البيبلوغرافية
المؤلف الرئيسي: Vial, Carlos (مؤلف)
التنسيق: كتاب
اللغة:الإسبانية
منشور في: Santiago, Chile Del Pacífico 1952
الموضوعات:
الوسوم: إضافة وسم
لا توجد وسوم, كن أول من يضع وسما على هذه التسجيلة!

MARC

LEADER 00000nam a2200000 a 4500
001 UCP5953
003 CL-VaPUC
005 20210709001731.0
008 991001e19520000CL |||||||||||||||||spa|d
999 |c 283590  |d 283588 
040 |c Pontificia Universidad Católica de Valparaíso 
082 0 4 |a 306.0983 VIA 1952  |2 21 
100 0 |a Vial, Carlos  |e author  |9 434650 
245 1 0 |a Cuaderno de comprensión social 
260 |a Santiago, Chile  |b Del Pacífico  |c 1952 
300 |a 164 páginas 
583 |a last modification  |c 19991001 00:00:00  |k Rodrigo Vera 
650 0 |a Historia social  |z CHILE  |9 313638 
650 0 |a Historia económica  |z CHILE  |9 307218 
650 0 |a Problemas sociales  |z CHILE  |9 258537 
852 |a BIBCUR 
942 |c BK  |2 ddc 
945 |d 19991001 00:00:00  |a crobeson 
952 |0 0  |1 0  |2 ddc  |4 0  |6 306_098300000000000_VIA_1952  |7 0  |8 A  |9 326861  |a BIBHIS  |b BIBHIS  |d 2019-11-20  |i 1358375  |o 306.0983 VIA 1952  |p 1358375  |r 2025-01-20  |t 1  |w 2019-11-20  |y BK  |k HIS